00987cam a2200229 a 450000100100000000500170001000800410002704000250006808200180009310000670011124501220017826000480030030000250034849000380037365000280041165000400043970000670047970000320054683000430057895201210062199900150074200000600820200929151901.0840619s1982 cu 001 p spa  aDO-SdBNPbspacBNPHU aM861.4bP391p1 aPellicer, Carlos,qCarlos Pellicer Cámarad1897-1977.91691810aPoesía :by el estudio Aguas de Carlos Pellicer de José Prats Sario /cCarlos Pellicer ; edición Dominica Diez. aLa Habana :bCasa de las Américas,c1982. aix, 480 p. ;c19 cm.1 aLiteratura latinoaméricanav108 4aPoesía mexicana99120 4aLiteratura mexicanaySIGLO XX992161 aPrats Sariol, José,d1946-tAguas de Carlos Pellicer.9169191 aDiez, Dominica,eed.914421 0aLiteratura latinoaméricanav1089500 001052708MOaGRbGRcCTd2009-08-25iLF1l0oM861.4 P391pp6008-10r2020-06-25w2020-06-25y2ZPréstamo interno c5804d5804